| 000 | 00304nam a22001097a 4500 | ||
|---|---|---|---|
| 040 | _cNUST CL | ||
| 082 |
_a951.0099 _bBOS |
||
| 245 |
_aforeign experts in China / _cLiang Boshu. |
||
| 260 |
_bHuang Shan Publishing House, _c2016. |
||
| 300 | _a150 pages : portraits (some color) ; 23 cm | ||
| 942 |
_2ddc _cBK |
||
| 999 |
_c586512 _d586512 |
||